[Event "Let's Play Chess!"]
[Site "http://www.queenalice.com/game.php?id=207207"]
[Date "2007.5.7"]
[Round "-"]
[White "Gefolgsmyr"]
[Black "CampbellMarcel"]
[Result "0-1"]
[WhiteElo "1516"]
[BlackElo "1846"]

1. e4 c5 2. c3 e6 3. d4 b6 4. Nf3 Bb7 5. Bd3 Nf6 6. e5 Nd5 7. Bg5 f6 8. exf6
gxf6 9. Ne5 Qe7 10. Qh5+ Kd8 11. Nf7+ Kc7 12. Nxh8 fxg5 13. Nf7 Nc6 14. dxc5
bxc5 15. Nxg5 Nf6 16. Qe2 Bh6 17. Nf3 a5 18. Nbd2 Bxd2+ 19. Qxd2 Nd5 20. O-O-O
Rg8 21. g3 Nb6 0-1

[Event "Let's Play Chess!"]
[Site "http://www.queenalice.com/game.php?id=207208"]
[Date "2007.5.7"]
[Round "-"]
[White "CampbellMarcel"]
[Black "Gefolgsmyr"]
[Result "1-0"]
[WhiteElo "1849"]
[BlackElo "1512"]

1. d4 d5 2. Nf3 Nc6 3. e3 Bg4 4. Be2 e6 5. O-O Bd6 6. Ne5 Bxe2 7. Qxe2 Nxe5 8.
dxe5 Bxe5 9. Nc3 Nf6 10. Qb5+ Qd7 11. Qxb7 O-O 12. f4 Rfb8 13. Qa6 Rb6 14. fxe5
Rxa6 15. exf6 g6 16. e4 c6 17. Bh6 dxe4 18. Rad1 Qc7 19. Nxe4 Rxa2 20. Rd6 Re8
21. Rfd1 Rxb2 22. Rd7 Qb6+ 23. Kh1 Rxc2 24. Ng5 Qf2 25. Rg1 Qxf6 26. Rxf7 Qe5
27. Rxh7 Qxg5 28. Rg7+ Kh8 29. Bxg5 Kxg7 30. Ra1 Ra8 31. h4 a5 32. Be3 1-0

[Event "Let's Play Chess!"]
[Site "http://www.queenalice.com/game.php?id=207288"]
[Date "2007.5.7"]
[Round "-"]
[White "Gefolgsmyr"]
[Black "KaspaBranca"]
[Result "0-1"]
[WhiteElo "1500"]
[BlackElo "1962"]

1. e4 e5 2. Nf3 Nc6 3. Bc4 Bc5 4. c3 Nf6 5. d4 exd4 6. cxd4 Bb4+ 7. Nc3 Nxe4 8.
O-O Bxc3 9. d5 Bb4 10. a3 Be7 11. Re1 Nd6 12. Bg5 O-O 13. dxc6 Bxg5 14. cxb7
Bxb7 15. Nxg5 Qxg5 0-1

[Event "Let's Play Chess!"]
[Site "http://www.queenalice.com/game.php?id=207511"]
[Date "2007.5.7"]
[Round "-"]
[White "Gefolgsmyr"]
[Black "colognestar"]
[Result "1-0"]
[WhiteElo "1603"]
[BlackElo "2103"]

1. e4 d5 2. exd5 Qxd5 3. Nc3 Qa5 4. d4 c6 5. Bc4 Nf6 6. Bd2 Qc7 7. Nf3 Bf5 8.
O-O e6 9. Ne5 Be7 10. Re1 O-O 11. Bf4 Bd6 12. a4 Nbd7 13. Nxd7 Nxd7 14. Bxd6
Qxd6 15. Bd3 Bg6 16. Bxg6 hxg6 17. Ne4 Qc7 18. Qf3 Rad8 19. c3 b6 20. Qh3 Qf4
21. Re3 Nf6 22. Rae1 Rd5 23. Rf3 Rh5 24. Rxf4 1-0

[Event "Let's Play Chess!"]
[Site "http://www.queenalice.com/game.php?id=208596"]
[Date "2007.5.9"]
[Round "-"]
[White "equivocalx"]
[Black "Gefolgsmyr"]
[Result "0-1"]
[WhiteElo "1298"]
[BlackElo "1571"]

1. d4 d5 2. Nf3 Nc6 3. e3 Bg4 4. h3 Bh5 5. c4 e6 6. cxd5 exd5 7. Nc3 Bb4 8. Bd2
Nf6 9. a3 Ba5 10. Bd3 Bg6 11. Bxg6 hxg6 0-1

[Event "Let's Play Chess!"]
[Site "http://www.queenalice.com/game.php?id=208597"]
[Date "2007.5.9"]
[Round "-"]
[White "Gefolgsmyr"]
[Black "equivocalx"]
[Result "1-0"]
[WhiteElo "1500"]
[BlackElo "1313"]

1. e4 e5 2. Nf3 Nc6 3. Bc4 f6 4. d3 Nge7 5. Nc3 d6 6. Be3 Bg4 7. h3 Bxf3 8. Qxf3
Qd7 9. O-O O-O-O 10. Bb5 a6 11. Ba4 1-0

[Event "Let's Play Chess!"]
[Site "http://www.queenalice.com/game.php?id=208856"]
[Date "2007.5.10"]
[Round "-"]
[White "Gefolgsmyr"]
[Black "CampbellMarcel"]
[Result "0-1"]
[WhiteElo "1521"]
[BlackElo "1843"]

1. e4 c5 2. c3 Nc6 3. d4 cxd4 4. cxd4 d5 5. exd5 Nb4 6. Qa4+ Qd7 7. Qxb4 Qxd5 8.
Qb5+ Qxb5 9. Bxb5+ Bd7 10. Bxd7+ Kxd7 11. Nf3 f6 12. Nc3 Rc8 13. Bf4 g5 14. Bg3
h5 15. h3 h4 16. Bh2 e6 17. O-O-O b5 18. Kb1 b4 19. Ne4 Rc7 20. Bxc7 Kxc7 21.
Rc1+ Kb6 22. Nc5 Bxc5 23. dxc5+ Kc6 24. Rhd1 Ne7 25. Rd6+ Kb5 26. Nd4+ Ka5 27.
Rxe6 Nd5 0-1

[Event "Let's Play Chess!"]
[Site "http://www.queenalice.com/game.php?id=209072"]
[Date "2007.5.10"]
[Round "-"]
[White "palod"]
[Black "Gefolgsmyr"]
[Result "1-0"]
[WhiteElo "1060"]
[BlackElo "1620"]

1. d4 d5 2. Nc3 Nc6 3. e3 Nf6 4. Bb5 a6 5. Bxc6+ bxc6 6. Nf3 Bg4 7. h3 Bh5 8. g4
Nxg4 9. Qd2 Nf6 10. Ng1 e6 11. b3 Bb4 12. a3 Bd6 13. Bb2 O-O 14. f3 Bg3+ 15. Kd1
Bd6 16. Ke2 c5 17. Rf1 cxd4 18. Qxd4 c5 19. Qd1 Rc8 20. h4 Be7 21. Na4 Ne4 22.
Nh3 Ng3+ 23. Kd2 Nxf1+ 24. Rxf1 Bxh4 25. Rg1 Bg6 26. f4 Bf6 27. Bxf6 Qxf6 28.
Nb6 Rc7 29. Ng5 1-0

[Event "Let's Play Chess!"]
[Site "http://www.queenalice.com/game.php?id=211852"]
[Date "2007.5.16"]
[Round "-"]
[White "Gefolgsmyr"]
[Black "CampbellMarcel"]
[Result "0-1"]
[WhiteElo "1508"]
[BlackElo "1852"]

1. e4 d5 2. exd5 Qxd5 3. Nc3 Qa5 4. d4 e5 5. dxe5 Qxe5+ 6. Qe2 Bd6 7. Nf3 Qxe2+
8. Bxe2 Ne7 9. O-O O-O 10. Be3 Re8 11. Rad1 Be6 12. Nb5 Na6 13. Nxd6 cxd6 14.
Rxd6 Bxa2 15. b3 Nf5 16. Rd3 Nxe3 17. fxe3 Nb4 18. Rd4 Nxc2 19. Rd2 Bxb3 20. Rb1
Rxe3 21. Rbd1 Rae8 22. Bb5 Rf8 23. Rd8 h6 24. Ne5 Rxe5 0-1

[Event "Let's Play Chess!"]
[Site "http://www.queenalice.com/game.php?id=211854"]
[Date "2007.5.16"]
[Round "-"]
[White "Gefolgsmyr"]
[Black "CampbellMarcel"]
[Result "0-1"]
[WhiteElo "1629"]
[BlackElo "1658"]

1. e4 c5 2. c3 g6 3. d4 cxd4 4. cxd4 Bg7 5. Nf3 e6 6. Bg5 f6 7. Bf4 g5 8. Bxg5
fxg5 9. Ne5 Nf6 10. Be2 O-O 11. h4 Nxe4 12. Qd3 Nxf2 0-1

[Event "Let's Play Chess!"]
[Site "http://www.queenalice.com/game.php?id=212887"]
[Date "2007.5.18"]
[Round "-"]
[White "Gefolgsmyr"]
[Black "CampbellMarcel"]
[Result "0-1"]
[WhiteElo "1527"]
[BlackElo "1840"]

1. e4 d5 2. exd5 Qxd5 3. Nc3 Qd8 4. d4 e6 5. Bc4 Bb4 6. Nf3 Bxc3+ 7. bxc3 Ne7 8.
Ba3 O-O 9. O-O Re8 10. Ne5 Nec6 11. Bb5 a6 12. Ba4 b5 13. Bb3 Nxe5 14. dxe5 Nd7
15. Re1 c5 16. c4 b4 17. Bb2 a5 0-1

[Event "Let's Play Chess!"]
[Site "http://www.queenalice.com/game.php?id=213906"]
[Date "2007.5.20"]
[Round "-"]
[White "Slazenger"]
[Black "Gefolgsmyr"]
[Result "1-0"]
[WhiteElo "1367"]
[BlackElo "1620"]

1. e4 d5 2. exd5 Nf6 3. c4 c6 4. Nc3 cxd5 5. cxd5 Nxd5 6. Nf3 Bg4 7. h3 Bh5 8.
d4 Nc6 9. Nxd5 Qxd5 10. Be2 O-O-O 11. Be3 e6 12. Qb3 Qxb3 13. axb3 Bb4+ 14. Kf1
Bxf3 15. Bxf3 Nxd4 16. Rxa7 Nxf3 17. gxf3 Rd1+ 18. Kg2 1-0

[Event "Let's Play Chess!"]
[Site "http://www.queenalice.com/game.php?id=215941"]
[Date "2007.5.24"]
[Round "-"]
[White "Gefolgsmyr"]
[Black "Kronista"]
[Result "0-1"]
[WhiteElo "1555"]
[BlackElo "1762"]

1. e4 e5 2. Nf3 Nc6 3. Bc4 Bc5 4. c3 Nf6 5. d4 exd4 6. cxd4 Bb4+ 7. Nc3 Nxe4 8.
O-O Bxc3 9. d5 Na5 10. bxc3 Nxc4 11. Qd3 Ned6 0-1

[Event "Let's Play Chess!"]
[Site "http://www.queenalice.com/game.php?id=215964"]
[Date "2007.5.24"]
[Round "-"]
[White "Gefolgsmyr"]
[Black "Homedepotov"]
[Result "0-1"]
[WhiteElo "1537"]
[BlackElo "1871"]

1. e4 c5 2. c3 d5 3. exd5 Qxd5 4. d4 cxd4 5. cxd4 Nc6 6. Nf3 e6 7. Nc3 Bb4 8.
Bd2 Bxc3 9. Bxc3 Nf6 10. Be2 O-O 11. O-O Ne4 12. Rc1 Nxc3 13. bxc3 Qxa2 0-1

[Event "Let's Play Chess!"]
[Site "http://www.queenalice.com/game.php?id=215965"]
[Date "2007.5.24"]
[Round "-"]
[White "Homedepotov"]
[Black "Gefolgsmyr"]
[Result "1-0"]
[WhiteElo "1874"]
[BlackElo "1532"]

1. Nf3 d5 2. d4 Nc6 3. c4 dxc4 4. e4 e6 5. Bxc4 Bb4+ 6. Nc3 Nf6 7. Qd3 O-O 8.
Bd2 b6 9. a3 Be7 10. d5 exd5 11. exd5 Na5 12. Ba2 1-0